LIBRARY & INFORMATION CENTRE, KCAET, TAVANUR

ONLINE PUBLIC ACCESS CATALOGUE (OPAC)

Specification for asbestos cement building pipes and pipe fittings, gutters and gutter fittings and roofing fittings IS:1626 (Part 1)-1980 (Record no. 10378)

MARC details
000 -LEADER
fixed length control field 00955cam a2200145ua 4500
041 ## - LANGUAGE CODE
Language code of text/sound track or separate title eng
082 ## - DEWEY DECIMAL CLASSIFICATION NUMBER
Classification number 621.643
Item number IND/SP
245 ## - TITLE STATEMENT
Title Specification for asbestos cement building pipes and pipe fittings, gutters and gutter fittings and roofing fittings IS:1626 (Part 1)-1980
260 ## - PUBLICATION, DISTRIBUTION, ETC. (IMPRINT)
Place of publication New Delhi :
Name of publisher Indian Standards Institution ,
Year of publication 1985.
300 ## - PHYSICAL DESCRIPTION
Number of Pages 28 ; .
942 ## - ADDED ENTRY ELEMENTS (KOHA)
Koha item type Books
Holdings
Withdrawn status Lost status Damaged status Home library Current library Date acquired Full call number Accession Number Koha item type
      KAUAET KAUAET 07/04/2012 621.643 17064 Standards
free website counter